000 00637nam a2200217Ia 4500
005 20250508161021.0
008 008 250505s9999 xx 000 0 eng d
020 _a0-7100-0171-1
037 _aTextual
040 _aFEDL
_beng
_cFEDL
041 _aeng
_2eng
084 _a371, EGG
_qFEDL
100 _aEdggleston John Ed.
_9770025
245 0 _aTeacher decision - making in the classroom : A collection of papers
260 _aLondon, UK
_bRoutledge and Kegan Paul
_c1979
300 _ax,234p
490 _aRoutledge education books
650 _aTeacher
942 _cTEXL
_h371, EGG
999 _c1367951
_d1367951